|
|
|
|
| LEADER |
00000cam a2200000 a 4500 |
| 001 |
vtls010596198 |
| 003 |
SK-MaSNL |
| 005 |
20260301215102.0 |
| 008 |
240318s2013 xo da 001 0 slo |
| 015 |
|
|
|a SNBA2014/08
|
| 020 |
|
|
|a 9788080827427
|q (brož.)
|
| 035 |
|
|
|a D30871C1-0AF2-4899-8508-F8065F5FEC54
|
| 035 |
|
|
|a urn:nbn:sk:snk-amk5m2
|
| 035 |
|
|
|a urn:nbn:sk:snk-am0048mm
|
| 040 |
|
|
|a SNK
|b slo
|c SNK
|e AACR2
|
| 041 |
0 |
|
|a slo
|
| 044 |
|
|
|a xo
|c SK
|
| 072 |
|
7 |
|a 159.95
|x Vyššie duševné procesy
|2 konspekt
|
| 072 |
|
7 |
|a 373.2/.3
|x Predškolská a primárna výchova a vzdelávanie
|2 konspekt
|
| 080 |
|
|
|a 159.95
|2 2001
|
| 080 |
|
|
|a 159.953.5
|2 2001
|
| 080 |
|
|
|a 028.1
|2 2001
|
| 080 |
|
|
|a (048.8)
|2 2001
|
| 080 |
|
|
|a 373.3
|2 2001
|
| 100 |
1 |
|
|a Zápotočná, Oľga,
|d 1956-
|4 aut
|9 233086
|
| 245 |
1 |
0 |
|a Metakognitívne procesy v čítaní, učení a vzdelávaní
|c Oľga Zápotočná
|
| 260 |
|
|
|a Trnava
|b Typi Universitatis Tyrnaviensis
|c 2013
|
| 300 |
|
|
|a 142 s.
|b grafy, tab.
|c 21 cm
|
| 500 |
|
|
|a Publikácia vznikla s grantovou podporou agentúry VEGA v rámci riešenia projektu 1/0091/12: Kultúra performativity a akontability v súčasných vlnách vzdelávacích reforiem
|
| 504 |
|
|
|a Bibliogr.: s. [119]-135 ; pozn. ; vec. reg.
|
| 650 |
0 |
7 |
|a metakognícia
|2 SNKPH
|9 154339
|
| 650 |
0 |
7 |
|a učenie
|2 SNKPH
|9 3884
|
| 650 |
0 |
7 |
|a základné vzdelávanie
|2 SNKPH
|9 69527
|
| 650 |
0 |
7 |
|a čitateľská gramotnosť
|2 SNKPH
|9 69767
|
| 650 |
0 |
7 |
|a Metacognition
|2 SNKPHeng
|9 483035
|
| 650 |
0 |
7 |
|a Learning
|2 SNKPHeng
|9 302872
|
| 650 |
0 |
7 |
|a Elementary school education
|2 SNKPHeng
|9 319966
|
| 650 |
0 |
7 |
|a Reader's literacy
|2 SNKPHeng
|9 125488
|
| 655 |
|
7 |
|a monografie
|2 SNKPH
|9 70139
|
| 655 |
|
7 |
|a Monographs
|2 SNKPHeng
|9 120675
|
| 852 |
|
|
|a Štátna vedecká knižnica v Banskej Bystrici
|
| 919 |
|
|
|a 978-80-8082-742-7
|
| 958 |
|
|
|a NB
|
| 999 |
|
|
|c 926847
|d 928777
|
| 952 |
|
|
|a SNK
|b SNK
|y PREZ
|7 0
|p 17A1112402
|o snkSC 160021
|i snk2014/14091
|8 0
|0 0
|1 0
|4 0
|d 2014-06-18
|f 1
|l 0
|r 2025-08-22 00:00:00
|w 2026-02-24
|
| 952 |
|
|
|a SNK
|b SNKPULT
|y VYP
|7 0
|p 17A1112403
|o snkSC 160021 D1
|i snk2014/14092
|8 0
|0 0
|1 0
|4 0
|d 2014-06-18
|l 1
|m 1
|q 2026-05-18
|r 2026-03-16 16:34:50
|s 2026-03-16
|w 2026-02-24
|